000 00725cab a2200193 4500
001 ##L134620
008 060818n2006 000 0 eng u
035 _a(Sirsi) u134620
041 0 _aeng
100 1 _aMahony, Chris
245 0 0 _aUnder cover
260 _c2006
490 0 _aRICS Building Surveying Faculty The Journal
_vJuly 2006, 8-9(2)
520 _aDiscusses the three main types of metal cladding, composite panels, built up and single sheet, and their coatings, such as laminates, PVF2/PVDF, plastisol, polyurethane, powder coating and polyester. Diagrams.
590 _aIKA220806
651 4 _aInternational
690 _aBUILT ENVIRONMENT-BUILDING ELEMENTS-COMPLETE BUILDING ELEMENTS-ROOFS
942 _n0
999 _c77594
_d77594